Tous les outils dans les jeux Animal Crossing - Statistiques

Statistiques générales
  • Ce quiz a été pris 48 fois
    35 depuis la dernière actualisation
  • Le résultat moyen est 56 sur 167
Statistiques - réponses
Jeu Outil % Correct
Avant Wild World | Let's Go to the City | New Horizons | +2 others Pelle
100%
Avant Wild World | Let's Go to the City | New Horizons | +2 others Canne à pêche
93%
Avant Wild World | Let's Go to the City | New Horizons | +2 others Filet
90%
Avant Wild World | Let's Go to the City | New Horizons | +2 others Hache
90%
Let's Go to the City | New Horizons | New Leaf | Wild World Lance-pierre
80%
Let's Go to the City | New Horizons | New Leaf | Wild World Arrosoir
73%
New Horizons Echelle
73%
New Horizons Perche
70%
Avant Wild World Pelle en or
63%
Avant Wild World | Wild World Hache en or
60%
Wild World Lance-pierre en or
60%
Let's Go to the City | New Horizons | New Leaf | Wild World Pelle en or
60%
Wild World Arrosoir en or
57%
Wild World Filet en or
57%
Let's Go to the City | New Horizons | New Leaf Lance-pierre en or
57%
Wild World Canne à pêche en or
53%
Let's Go to the City | New Horizons | New Leaf Filet en or
53%
Let's Go to the City | New Horizons | New Leaf Hache en or
50%
Let's Go to the City | New Horizons | New Leaf Arrosoir en or
47%
New Horizons Baguette magique
43%
Let's Go to the City | New Horizons | New Leaf Canne à pêche en or
43%
New Horizons Canne à pêche rudimentaire
40%
Let's Go to the City | New Leaf Filet en argent
37%
New Horizons Filet rudimentaire
37%
Let's Go to the City | New Leaf Hache en argent
37%
New Horizons Hache rudimentaire
37%
Let's Go to the City | New Leaf Lance-pierre en argent
37%
Let's Go to the City | New Leaf Pelle en argent
37%
New Horizons Pelle rudimentaire
37%
Let's Go to the City | New Leaf Arrosoir en argent
33%
Let's Go to the City | New Leaf Canne à pêche en argent
33%
New Horizons Arrosoir rudimentaire
30%
New Leaf Mégaphone
30%
New Horizons Mégaphone de supporter
30%
New Horizons Baguette poisson
23%
New Horizons Filet étoilé
23%
New Horizons Arrosoir éléphant
20%
New Horizons Hache de pierre
20%
Let's Go to the City | New Horizons | New Leaf Pétard
20%
New Horizons Baguette coquillage
17%
New Horizons Baguette étoile
17%
New Horizons | New Leaf Combinaison de plongée
17%
New Horizons Pelle de rando
17%
New Horizons Baguette bambou
13%
New Horizons Baguette Halloween
13%
New Horizons Baguette insecte
13%
New Horizons Baguette rose
13%
New Horizons Canne à pêche de rando
13%
New Horizons Lance-pierre coloré
13%
Let's Go to the City | New Horizons | New Leaf Sans-gêne
13%
New Horizons Arrosoir coloré
10%
New Horizons Arrosoir de rando
10%
New Horizons Baguette anémone
10%
New Horizons Baguette branche
10%
New Horizons Baguette champignon
10%
New Horizons Baguette chrysanthème
10%
New Horizons Baguette cosmos
10%
New Horizons Baguette de mariage
10%
New Horizons Baguette d'or
10%
New Horizons Baguette en fer
10%
New Horizons Baguette fête des oeufs
10%
New Horizons Baguette fleurs de cerisier
10%
New Horizons Baguette glace
10%
New Horizons Baguette jacinthe
10%
New Horizons Baguette lys
10%
New Horizons Baguette pensée
10%
New Horizons Baguette trèfle
10%
New Horizons Baguette tulipe
10%
New Horizons Canne à pêche colorée
10%
New Horizons Canne à pêche poisson
10%
New Horizons Eventail uchiwa
10%
New Horizons Filet coloré
10%
New Horizons Filet de rando
10%
New Horizons Lance-pierre de rando
10%
New Horizons Moulin à vent
10%
New Horizons Ocarina
10%
New Horizons Pelle colorée
10%
New Horizons Plumeau
10%
New Horizons Baguette fluo
7%
New Horizons Baguette fluo colorée
7%
New Horizons Baguette Kiki & Lala
7%
New Horizons Ballon de baudruche bleu
7%
New Horizons Ballon de baudruche jaune
7%
New Horizons Ballon de baudruche rose
7%
New Horizons Ballon de baudruche rouge
7%
New Horizons Ballon de baudruche vert
7%
New Horizons Ballon Nook Inc
7%
New Horizons Branche coupée
7%
New Horizons Eventail bleu ciel
7%
New Horizons Eventail orange amère
7%
New Horizons Eventail rose pêche
7%
New Horizons Eventail uchiwa Nook Inc
7%
New Horizons Eventail vert herbe
7%
New Horizons Lance-bulles
7%
Let's Go to the City | New Horizons | New Leaf | Wild World Minuteur
7%
New Horizons Pelle design
7%
New Horizons Tambourin
7%
New Horizons Chitose ame
3%
Let's Go to the City | New Leaf Cierge
3%
New Horizons Cierge magique bleu
3%
New Horizons Cierge magique rouge
3%
New Horizons Flûte de Pan
3%
New Horizons Lampion
3%
New Horizons Livre de poche
3%
New Horizons Maracas
3%
New Horizons Még. de supporter pailleté
3%
New Horizons Panier de pétales
3%
New Horizons Vulpin
3%
Let's Go to the City Baguette à bulles
0%
New Horizons | New Leaf Feu d'artifice fontaine
0%
New Horizons Kit de lancer de haricots
0%
New Horizons Magazine de poche
0%
New Horizons Még. de supporter étoiles
0%
New Horizons Még. de supporter flammes
0%
New Horizons Panier bonbons Halloween
0%
Aucun quiz correspondant
Distribution des résultats
% des personnes avec chaque résultat
Percentile par nombre de réponses
Votre historique - résultats
Vous n’avez pas pris ce quiz depuis la dernière actualisation